000 00454nam a22001697a 4500
003 CEME
005 20210628204159.0
008 210105b xxu||||| |||| 00| 0 eng d
020 _a8188458112
040 _cceme
082 _a671.35 VIS
100 _aVishal , S
_969148
245 _aAn introduciton to nc/cnc machines
260 _aDELHI
_bS.K. KATARIA & SONS
_c2012
650 _aNC-CNC MACHINES.CNC MACHINES.NC MACHINES.
_969149
942 _cBK
_2ddc
999 _c576538
_d576538